000 01017nam a22003377a 4500
001 BR2014001201
003 BR-BrBNA
005 20230928104358.0
007 ta
008 230509b bl.||||| |||| 00| 0 por d
040 _aBR-BrBNA
_bpor
_cBiblioteca Nacional de Agricultura
041 _a(Por)
072 _aQ02; Q04; J11
_b0120
090 _ 0120 BR2014001201
100 1 _aBarbosa, N.A.
110 1 _aUniversidade Federal de Lavras, MG (Brasil)
_0Tese (Mestrado)
245 1 _aRetenção de carotenoides em milho verde biofortificado com precursores de vitamina A após processamento
260 3 _aLavras, MG (Brasil):
_c2013.
300 _a122 p.
500 _aSummaries (Eng, Por); Several bibliography; 26 illus.; 16 tables
650 _aMILHO
650 _aCAROTENÓIDE
650 _aVITAMINA A
650 _aGRÃO
650 _aCOCÇÃO
650 _aCROMATOGRAFIA
650 _aARMAZENAMENTO
650 _aTRATAMENTO TÉRMICO
909 _a202309
_bLucia
_c55
_dLucia Elande
942 _cBK
999 _c79586
_d79586